Statistics for Домаћини Светског првенства у фудбалу

Click here to take the quiz!

General Stats

  • This quiz has been taken 568 times
  • The average score is 16 of 20

Answer Stats

ГодинаДомаћин% Correct
2018Русија
98%
1950, 2014Бразил
96%
2022Катар
96%
1974Западна Немачка
96%
2006Немачка
95%
1938, 1998Француска
94%
1930Уругвај
93%
1934, 1990Италија
90%
1970, 1986, 2026Мексико
88%
1994, 2026САД
87%
1978Аргентина
86%
1982Шпанија
86%
2026Канада
85%
2002Јапан
84%
2010Јужноафричка Република
82%
1966Енглеска
71%
2002Јужна Кореја
70%
1958Шведска
56%
1962Чиле
53%
1954Швајцарска
43%

Score Distribution

Percentile by Number Answered

Percent of People with Each Score

Your Score History

You have not taken this quiz